000 00437nam a2200169Ia 4500
008 090711s9999 xx 000 0 und d
082 _b72614
100 _aसडेकर रामSांद्र
245 _aआग
260 _c1994
300 _a527
600 _aसडेकर रामSांद्र
630 _aआग
700 _aसडेकर रामSांद्र
730 _aआग
942 _cBOOK
999 _c304378
_d304378